Grijalbo diccionario enciclopédico

Uloženo v:
Podrobná bibliografie
Médium: Kniha
Jazyk:španělština
Vydáno: Barcelona Grijalbo 1986
Vydání:1a. ed
Témata:
Tagy: Přidat tag
Žádné tagy, Buďte první, kdo vytvoří štítek k tomuto záznamu!

MARC

LEADER 00000nam a2200000 a 4500
001 UCI6476
003 CL-VaPUC
008 080509e19860000SP |||||||||||||||||spa|d
020 |a 8425322464 
020 |a 8425322448 obra completa 
082 0 4 |a 463  |b GRI  |2 21 
245 1 0 |a Grijalbo diccionario enciclopédico 
250 |a 1a. ed 
300 |a v 
942 |c BK 
945 |d 20080509 00:00:00  |a cmena 
260 |a Barcelona  |b Grijalbo  |c 1986 
500 |a v.2: instrumentar -zworykin Apéndices 
600 0 7 |a GRIJALBO  |2 CL-VaPUC  |9 529400 
650 7 |a DICCIONARIOS Y ENCICLOPEDIAS  |2 CL-VaPUC  |9 263926 
650 0 |a Diccionario Español   |9 255650 
583 |a last modification  |c 20160824 03:22:54  |k Rodrigo Vera 
999 |c 329972  |d 329970 
952 |0 0  |1 0  |4 0  |6 463_000000000000000_GRI_1986  |7 0  |8 ?  |9 415238  |a BIBEDU  |b BIBEDU  |d 2019-11-22  |h v.2  |i 2109573  |o 463 GRI 1986  |p 2109573  |r 2019-11-22  |w 2019-11-22  |y BK  |k LIT